000 00312 a2200109 4500
001 ART_12964
005 20260410161734.0
008 260409a
245 1 0 _aLa Argentina que despierta
100 1 _aDi Tella, Guido
773 0 _tEjecutivos de finanzas
_g- Año 8, Nº 76 (jun. 1991)
_wREV2863
999 _c18152
_d18152